000 00393nam a2200145 i 4500
001 bg
100 1 _aWESELIK, Andrzej
245 0 _aOrganizacja procesów magazynowych w ujęciu systemowym /
_cAndrzej Weselik, Leszek Piotrowski.
260 _aPoznań,
_c1978.
700 1 _aPIOTROWSKI, Leszek
040 _cBPK
041 _apol
942 _cKS
008 s pl f |000 0 pol
999 _c17823
_d17823
856 _uhttp://koha.tu.koszalin.pl/cgi-bin/koha/opac-detail.pl?biblionumber=17823
_yKatalog online BPK